000 00555nam a2200217Ia 4500
999 _c6237
_d6237
003 0100
008 130227s9999 xx 000 0 und d
040 _cARRUPELIB
050 _aB931.P454A76
245 _aAlvin Plantinga
260 _bCambridge University Press
_aCambridge
_c2007
300 _a233p.
300 _b 23 cm
440 _aContemporary philosophy in focus
_921195
650 _bPlantinga, Alvin
_935099
700 _aBaker, Deane-Peter (ed.)
_935100
942 _2lcc
_cMONOGRAPH